000
00333 a2200157 4500
250
_a
3ème éd.
245
_a
DCEM3 : métabolisme, nutrition
100
_a
Charbonnel
700
_a
Guiller
260
_c
1987
300
_a
121 p.
035
_a
3895
999
_c
17511
_d
17511